000 00684nam a2200289Ia 4500
005 20260324144910.0
008 008 260324s9999 xx 000 0 eng d
020 _a9780429049781
037 _aEBOOK
040 _aCRL
040 _beng
040 _cCRL
041 _2eng
041 _aeng
084 _qCRL
100 _aSyed Nur Ahmad
_91221021
245 0 _aFrom Martial Law To Martial Law
245 0 _bPolitics In The Punjab, 1919-1958
260 _bTaylor and Francis
260 _c1985
365 _a
365 _b230
856 _uhttp://www.taylorfrancis.com/books/9780429049781
942 _cEBOOK
999 _c1828216
_d1828216